00489 a2200169 450000100060000002000180000604000370002410000310006124000320009224500270012430000070015136200090015865000230016794200070019095201050019799900170030275553 a9788506066461 cAnchieta - Colégio São Paulo aBarbosa, Rogério Andrade10aO anel de Tutancâmonlpor10aO anel de Tutancâmon a950 a2011 4aLiteratura juvenil cBK 00104070a88.1b88.1d2023-11-22l0oLJ 028.5 B238ap7219/CSPr2023-11-22 14:33:05w2023-11-22yBK c75553d75553